000 00472nam a22001697a 4500
005 20251108164110.0
008 250721s1993 xx 000 0 ara d
082 1 4 _a340.069/قرا
100 1 _aالقراله، غالب محمد
245 1 0 _aأعوان القضاء :
_bالمحامون /
264 1 _aعمان :
_bالمؤلف،
_c1993.
300 _a321ص.
650 1 7 _aمهنة المحاماة
650 1 7 _aالقانون
942 _2ddc
_cBK
999 _c3596
_d3596